| 000 | 00467cam a2200181 4500 | ||
|---|---|---|---|
| 001 | D8550 | ||
| 008 | 090401t1974 xxu||||| |||| 00| 0 eng d | ||
| 035 | _a(Sirsi) u13682 | ||
| 041 | _aeng | ||
| 050 | _a526.902462 | ||
| 100 | _aSchofield, W. | ||
| 245 | _aEngineering surveying: theory and examination problems for students. Volume 2 | ||
| 260 |
_aLondon _bNewnes-Butterworth _c1974 |
||
| 300 | _a261p. 23cm | ||
| 350 | _a5 | ||
| 942 | _n0 | ||
| 948 | _c04/03/1997 | ||
| 999 |
_c87133 _d87133 |
||